|
|
|
|
| LEADER |
00000nam0a2200000 4500 |
| 001 |
146169 |
| 005 |
20231101221214.0 |
| 029 |
1 |
0 |
|a RU
|b 50-702-91
|c РД
|
| 035 |
|
|
|a (RuTPU)RU\TPU\book\158436
|
| 035 |
|
|
|a RU\TPU\book\158433
|
| 090 |
|
|
|a 146169
|
| 100 |
|
|
|a 20081027d1992 k y0rusy50 ca
|
| 101 |
0 |
|
|a rus
|
| 102 |
|
|
|a RU
|
| 105 |
|
|
|a y l 000zy
|
| 200 |
1 |
|
|a Совместимость технических средств электромагнитная
|a Порядок обеспечения электромагнитной совместимости и правила проведения экспертизы. РД 50-702-91
|f СССР, ; Комитет стандартизации и метрологии СССР
|
| 210 |
|
|
|a Москва
|c Издательство стандартов
|d 1992
|
| 215 |
|
|
|a 20 с.
|
| 225 |
1 |
|
|a Руководящий документ
|
| 229 |
|
|
|a Утверждены и введены в действие Постановлением Государственного комитета СССР по управлению качеством продукции и стандартам от 29.03.91 № 398
|
| 610 |
1 |
|
|a руководящие документы
|
| 610 |
1 |
|
|a РД
|
| 610 |
1 |
|
|a совместимость
|
| 610 |
1 |
|
|a технические средства
|
| 610 |
1 |
|
|a электромагнитная совместимость
|
| 610 |
1 |
|
|a порядок
|
| 610 |
1 |
|
|a обеспечение
|
| 610 |
1 |
|
|a правила
|
| 610 |
1 |
|
|a проведение
|
| 610 |
1 |
|
|a экспертиза
|
| 675 |
|
|
|a 621.39(083)
|v 3
|
| 712 |
0 |
2 |
|a Комитет стандартизации и метрологии СССР
|2 stltpush
|3 (RuTPU)RU\TPU\col\13362
|9 25628
|
| 801 |
|
1 |
|a RU
|b 63413507
|c 20021122
|g PSBO
|
| 801 |
|
2 |
|a RU
|b 63413507
|c 20221207
|g PSBO
|
| 942 |
|
|
|c BK
|